[Event "Keres Memorial rap2"]
[Site "Tallinn"]
[Date "2004.11.27"]
[Round "3"]
[White "Kanep, Meelis"]
[Black "Anand, Viswanathan"]
[Result "0-1"]
[WhiteElo "2475"]
[BlackElo "2781"]
[Annotator "Postny,E"]
[PlyCount "92"]
[EventDate "2004.11.26"]
[EventType "tourn (rapid)"]
[EventRounds "5"]
[EventCountry "EST"]
[EventCategory "14"]
[SourceTitle "CBM 105"]
[Source "ChessBase"]
[SourceDate "2005.04.11"]
[SourceVersion "1"]
[SourceVersionDate "2005.04.11"]
[SourceQuality "1"]

1. d4 Nf6 2. Bg5 e6 3. Nd2 ({More principled continuation is} 3. e4) 3... Be7 (
3... d5 4. e3 c5 {leads to a different type of position.}) (3... h6 4. Bh4 c5
5. e3 cxd4 6. exd4 Be7 7. Ngf3 b6 8. Bd3 Bb7 {1-0 Georgiev,V-Palo,D/Mallorca
2004/CBM 104 [Postny,E] (34)}) 4. e3 {White is building up the most solid
setup, giving respect to the World's best rapid player...} ({Again, more
aggressive is} 4. e4) 4... b6 5. Ngf3 Bb7 6. Bd3 c5 7. Bxf6 {I don't really
understand this move, since there is no need at all to hurry with this
exchange. However, it does not change the evaluation of the position as equal.
Obviously, 7.0-0 and 7.c3 are much more popular.} Bxf6 8. c3 d6 (8... cxd4 9.
exd4 d6 10. Qe2 Nd7 11. h4 h6 12. g4 Qc7 13. Rg1 g6 14. a4 a5 15. g5 hxg5 16.
hxg5 Bg7 17. O-O-O O-O-O 18. Ba6 Bxa6 19. Qxa6+ Kb8 20. Qb5 $14 {1-0
Miladinovic,I-Dervishi,E/Bratto 2004/CBM 101 ext (73)}) 9. O-O (9. Qe2 Nc6 10.
a3 Rc8 11. Rd1 Qe7 12. b4 d5 13. bxc5 bxc5 14. Rb1 Rc7 15. Ba6 c4 16. Bxb7 Rxb7
17. e4 O-O 18. O-O Rxb1 19. Nxb1 Qb7 $15 {1-0 Miladinovic,I-Peray,S/Nice 2002/
CBM 91 ext (31)}) 9... Nd7 {Black has pair of bishops, but it does not yield
him anything special, since the position is closed.} 10. a4 O-O 11. Qe2 ({
More consequent would have been} 11. a5 {trying to put pressure on black's
queenside.}) 11... a6 12. b4 {White is trying to grab more space on the
queenside.} Qc7 13. Rab1 d5 14. e4 g6 $5 {Anand decided to keep the pressure
in the centre.} ({Possible alternative was:} 14... cxd4 15. cxd4 dxe4 16. Nxe4
Be7 (16... Bd5 $6 17. Rfc1 Qb7 18. Ne5 $1 Be7 19. Nc3 $36)) 15. e5 Bg7 16. h4
$1 {Correctly trying to create a weakness in black's camp.} Rfc8 17. h5 cxd4
18. cxd4 Qd8 19. hxg6 hxg6 20. g4 $6 ({Solid enough would have been} 20. Rfc1
Bf8 21. b5 $11) 20... Rc3 21. g5 $6 {If this was the point of g2-g4, then
white is clearly on the wrong track. White is trying to close the position as
much as possible, probably hoping to build a fortress. However, Pg5 will
become a target for black's pieces soon.} Bc6 $6 ({Why not} 21... Bf8 $15 {?})
22. Rfc1 Rxc1+ 23. Rxc1 Bxa4 24. Bxa6 Nf8 25. b5 $1 {[%csl Ra6] Now, both
light-squared bishops are locked...} (25. Bd3 $6 Nh7 26. Qe3 Bf8 {[%csl Rb4,
Rg5][%cal Gf8e7]}) 25... Nh7 26. Qe3 (26. Qd3 $1 {[%csl Ra4,Yc2][%cal Gc1a1]}
Qe7 27. Ra1 (27. Qc3 $2 Nxg5 $1 28. Ra1 Ne4 29. Nxe4 dxe4 30. Nh2 (30. Ne1 Qg5+
31. Kf1 Rxa6 32. Qc8+ Kh7 33. Qxa6 Bb3 $17) 30... Qg5+ 31. Kh1 Rd8 $1 32. Rxa4
Bxe5 33. Qe3 Bf4 34. Qxe4 Kg7 $40 {[%cal Gd8h8]}) 27... Qb4 28. Rb1 Qe7 29. Ra1
$11) 26... Bf8 {[%csl Rg5][%cal Gf8e7]} 27. Kh2 $2 {It was the last chance to
play 27.Qd3.} ({After} 27. Qd3 Qe7 28. Ra1 Qb4 29. Rb1 Qe7 30. Ra1 {Kanep
could achieve a prestigious draw.}) 27... Be7 28. Rg1 (28. Qd3 Bxg5 29. Ra1
Bxb5 $1 30. Qxb5 Bxd2 31. Nxd2 Qh4+ 32. Kg2 Qg5+ $19 {[%csl Rd2,Rg2]}) 28...
Bc2 {Now, black's bishop is free, and the white one is locked forever.} 29. Ne1
Bf5 30. f4 Kg7 31. Nef3 Qc7 {Just look at white's bishop! Black is actually
playing with an extra piece.} 32. Kg3 Qc2 33. Nh4 Ra7 34. Nxf5+ gxf5 35. Nf3
Rc7 36. Rg2 Qe4 37. Qd2 Nf8 {The knight is going to g6 and white will not hold
Pf4 for long.} 38. Re2 Qb1 39. Re1 Qb3 40. Re3 Qc4 41. Qh2 Ng6 42. Re1 Qb3 43.
Qh6+ Kg8 44. Rh1 (44. Qh2 Ba3 $19 {[%csl Rf4][%cal Ga3c1,Gc1f4]}) 44... Qe3 {
[%csl Rf4]} 45. Qh7+ Kf8 46. Qh6+ Ke8 {I watched the live relay of this game,
and noticed that Anand spent only few minutes to play this game!} 0-1

[Event "Corus"]
[Site "Wijk aan Zee"]
[Date "2005.01.30"]
[Round "13"]
[White "Sokolov, Ivan"]
[Black "Anand, Viswanathan"]
[Result "1/2-1/2"]
[WhiteElo "2685"]
[BlackElo "2786"]
[Annotator "Lutz,C"]
[PlyCount "95"]
[EventDate "2005.01.15"]
[EventType "tourn"]
[EventRounds "13"]
[EventCountry "NED"]
[EventCategory "19"]
[SourceTitle "CBM 105"]
[Source "ChessBase"]
[SourceDate "2005.04.11"]
[SourceVersion "1"]
[SourceVersionDate "2005.04.11"]
[SourceQuality "1"]

1. d4 d5 2. c4 c6 3. Nc3 Nf6 4. Nf3 e6 5. e3 Nbd7 6. Bd3 dxc4 7. Bxc4 b5 8. Bd3
Bd6 $5 9. Bd2 $5 {Ein interessantes Konzept. Weiß will unmittelbar am
Damenflügel spielen, um die Schwäche des Pc6 zu betonen. Nachteilig ist aber,
dass er noch nicht rochiert hat.} (9. O-O O-O 10. Bd2 Bb7 (10... a6 {ist zu
langsam:} 11. Ne4 Nxe4 12. Bxe4 Bb7 13. Rc1 Rc8 14. b4 Qe7 15. Qb3 {Dies ist
die gleiche Stellung wie in Sokolov,I-Anand,V, jedoch mit dem für Weiß
vorteilhaften Einschub von 0-0 und ...a7-a6. Da Schwarz das notwendige Tempo
zum Gegenspiel fehlt, hat er einfach strategischen Nachteil.} e5 16. Qb1 Nf6
17. Bf5 e4 18. Ng5 Rce8 19. f3 exf3 20. Bxh7+ Kh8 21. Rxf3 g6 22. Bxg6 fxg6 23.
Qxg6 Qg7 24. Rxf6 Rxf6 25. Qxe8+ {1-0 Poluljahov,A-Utnasunov,A/St Petersburg
2001/EXT 2002 (25)}) 11. Rc1 Rc8 12. Ne2 (12. Ne4 Nxe4 13. Bxe4 Nf6 {/\ ...
c6-c5}) 12... b4 (12... a6 13. b4 $14) 13. e4 Be7 (13... c5 14. e5 $5 Bxf3 15.
exd6 Bd5 $13 {0-1 Lautier,J-Zvjaginsev,V/Tilburg 1998/EXT 99/[Lutz] (59)}) 14.
e5 Nd5 15. Ng3 c5 16. Qe2 cxd4 (16... N5b6 17. Be4 Bd5 18. Bxd5 Nxd5 19. Ne4
cxd4 20. Qd3 h6 21. Rxc8 Qxc8 22. Rc1 Qb8 23. Qxd4 Qb6 24. Qc4 Qb8 25. Qd4 Qb6
26. Qc4 Qb8 {1/2-1/2 Jussupow,A-Zvjaginsev,V/Essen 2002/CBM 90 (26)}) 17. Qe4
g6 18. Qg4 Rxc1 19. Rxc1 Qb8 20. Re1 N5b6 21. Be4 Nc4 22. Bxb7 Nxd2 23. Nxd2
Qxb7 24. Qxd4 Rd8 25. Nf3 Nc5 26. Qc4 Qd5 27. Qxb4 Qxa2 28. Ne4 Qa4 29. Qxa4
Nxa4 30. b3 Nc5 31. Nxc5 Bxc5 32. Rc1 Bb6 33. Kf1 Rd3 34. Rb1 Rc3 35. Rb2 a5
36. Ke2 Bc5 37. Nd2 Bb4 38. Ra2 Kg7 39. Nc4 Rxb3 40. Nxa5 Rc3 41. Nb7 g5 42.
Rb2 Ba3 43. Rb5 g4 44. Kd2 Rc7 45. Nd6 Kg6 46. Rb8 h5 47. Rg8+ Kh6 48. Rh8+ Kg5
49. Rf8 Bxd6 50. exd6 Rd7 51. Ke3 Kg6 52. Rg8+ Kh7 53. Rg5 Kh6 54. Rg8 Rxd6 55.
Kf4 Rd3 56. Ra8 Rb3 57. Ra5 Rb2 58. Kg3 Kg6 59. Re5 Rd2 60. Ra5 f5 61. h3 h4+
62. Kxh4 Rxf2 63. Kg3 Rb2 64. hxg4 Rb3+ 65. Kf4 Rb4+ 66. Ke5 Re4+ 67. Kd6 fxg4
68. Re5 Rd4+ 69. Kxe6 Rd2 {0-1 Gustafsson,J-Graf,A/Dresden 2003/EXT 2004 (69)})
9... O-O (9... Bb7 10. a3 a5 11. Ng5 b4 12. Nce4 Be7 13. Nxf6+ gxf6 14. Nf3 c5
15. O-O O-O 16. Qe2 {1/2-1/2 Dreev,A-Harikrishna,P/Catalan Bay 2004/CBM 98 ext
(16)}) 10. Ne4 Nxe4 11. Bxe4 Bb7 12. Rc1 Rc8 13. b4 Qe7 14. Qb3 {Der Pc6 ist
festgelegt und Weiß hätte einigen Vorteil, könnte Schwarz nicht im Zentrum
aktiv werden.} e5 $1 15. dxe5 (15. Qb1 $5 h6 16. O-O Rfe8 17. Rfe1 Nf6 18. dxe5
Nxe4 19. Qxe4 Bxe5 20. Qxe5 Qxe5 21. Nxe5 Rxe5 22. Bc3 Rg5 23. e4 c5 24. f3 Rg6
25. bxc5 Ra6 26. Re2 {1/2-1/2 Kruppa,Y-Utnasunov,A/Elista 2000/CBM 79 (26)})
15... Nxe5 16. Nxe5 Bxe5 17. Qb1 g6 18. O-O Qd6 $15 {Schwarz gewinnt einen
wichtigen Bauern am Königsflügel. Andererseits ist der Bb7 nach wie vor
eingeschlossen, so dass Weiß Kompensation hat.} 19. Bc3 Bxh2+ 20. Kh1 Be5 21.
Rfd1 Qe7 22. Bxe5 Qxe5 23. Rd7 Rc7 24. Rd2 Qe7 25. Bf3 Rd8 26. Rxd8+ Qxd8 27.
Qb2 Rd7 28. Kg1 Rd2 29. Qc3 Qd6 {Schwarz versucht methodisch seinen Bauern zu
verwerten, aber angesichts seines Läufers gestaltet sich das schwierig.} (29...
Rxa2 $5 {ist ein prinzipieller Versuch seitens des Schwarzen.} 30. Rd1 {
wird wahrscheinlich Anands Befürchtung gewesen sein.} (30. Bxc6 Bxc6 31. Qxc6
a6 $17 {gewinnt zwar einen der weißen Minusbauern zurück, aber durch den
Abtausch des Bb7 ist Schwarz auch seine wesentliche Schwäche losgeworden, so
dass er sich nun eines mehr oder weniger gesunden Mehrbauern erfreuen kann.})
30... Qe7 31. Qd4 {mit der Idee Qd7 sieht zumindest in einer praktischen
Partie riskant für Schwarz aus. Aber vielleicht hat Schwarz dennoch Vorteil:}
Ra4 32. Qd7 Kf8 33. Qd4 f6 $17) 30. a3 Rd3 31. Qa1 h5 32. a4 a6 33. axb5 axb5
34. Qa7 $11 {Mit dem Eindringen seiner Dame kann Weiß das Gleichgewicht wahren.
} Qd7 35. Qb8+ Kg7 36. Qe5+ f6 37. Qb8 Rd6 38. Ra1 Qe7 39. Ra7 Rd7 40. g3 Bc8
41. Ra1 Rc7 42. Rc1 Bb7 43. Rc5 Qd6 44. Bd5 Bc8 45. Qb6 Bb7 46. Rxb5 Rd7 47.
Rc5 cxd5 48. Qxd6 1/2-1/2

[Event "Linares 22nd"]
[Site "Linares"]
[Date "2005.03.08"]
[Round "12"]
[White "Anand, Viswanathan"]
[Black "Vallejo Pons, Francisco"]
[Result "1/2-1/2"]
[WhiteElo "2786"]
[BlackElo "2686"]
[Annotator "Stohl,I"]
[PlyCount "134"]
[EventDate "2005.02.23"]
[EventType "tourn"]
[EventRounds "14"]
[EventCountry "ESP"]
[EventCategory "20"]
[SourceTitle "CBM 106"]
[Source "ChessBase"]
[SourceDate "2005.06.06"]
[SourceVersion "1"]
[SourceVersionDate "2005.06.06"]
[SourceQuality "1"]

1. Nf3 c5 2. c4 Nf6 3. g3 b6 4. Bg2 Bb7 5. O-O e6 6. Nc3 Be7 7. d4 cxd4 8. Qxd4
Nc6 9. Qf4 (9. Qd3 $5 O-O 10. e4 d6 11. Rd1 Qb8 12. b3 Rd8 13. Bb2 a6 14. Rd2
Ne5 15. Qe3 Qc7 16. Rad1 Ned7 (16... Nxf3+ $142 $14) 17. Nd4 Bf8 18. f4 Re8 19.
Kh1 Rac8 20. h3 Qb8 21. g4 h6 22. g5 hxg5 23. fxg5 Nh7 24. h4 g6 25. Nf3 Ba8
26. Qd4 e5 27. Qe3 $16 {Krasenkow,M-Markowski,T/POL-chT Warsaw/2004/}) 9... Qb8
({Once Black doesn't play the more typical Hedgehog set-up with d6 and Nbd7, a
more usual move order is} 9... O-O 10. Rd1 Qb8 11. e4 d6 12. b3 $14 {/=}) 10.
Qxb8+ {White tries to exploit the fact Black has played Qb8 before castling,
another and perhaps more effective attempt is} (10. Nb5 $5 O-O 11. Qxb8 Raxb8
12. Bf4 Rbd8 13. Rfd1 (13. Bd6 Bxd6 14. Nxd6 Ba8 15. Rfd1 Rb8 16. Rd2 Rfd8 17.
Re1 $6 (17. Ng5 $36) 17... h6 18. e4 Kf8 19. h4 Ne8 20. Nxe8 Kxe8 21. h5 d6 22.
Bf1 Ke7 23. Nh4 Ne5 24. b3 Nd7 25. f3 Nf6 26. g4 Bc6 27. Ng2 g6 $11 {Korchnoi,
V-Barcza,G/Leningrad/1967/}) 13... d5 14. Ne5 $1 Nxe5 15. Bxe5 Ng4 $6 16. Bc3
a6 17. Nd4 e5 18. Nb3 d4 19. Bxb7 dxc3 20. bxc3 a5 21. a4 Nf6 22. Rd3 Rb8 23.
Bd5 $16 {Barcza,G-Rossolimo,N/Vrsac/1969/}) (10. Rd1 Qxf4 (10... O-O $142 {
transposes into the note to the previous move.}) 11. Bxf4 Rc8 12. Nb5 $1 $36 {
and White has an extra tempo compared with the game.} (12. Ne5 $143 d6 13. Nxc6
Bxc6 14. Bxd6 Bxg2 15. Kxg2 Rxc4 16. Rd3 Bxd6 17. Rxd6 Ke7 18. Rad1 Rhc8 19.
R6d4 R4c5 20. e4 e5 21. R4d3 R8c7 $11 {1/2,Lengyel,L-Forintos,G/Miskolc/1963/})
) 10... Rxb8 11. Bf4 Rc8 12. Nb5 (12. Rac1 Na5 $5 (12... O-O 13. Ne5 $5 (13.
Rfd1 $6 Na5 14. b3 d5 15. Ne5 Ba3 $1 $11 16. Rb1 Bb4 17. Nb5 (17. Rbc1 $142 $11
) 17... a6 18. Nd4 Rfd8 19. Rbc1 {Tsesarsky,I-Kharnak,D/Tel Aviv/1997/} Ba3 20.
Rc2 Bd6 $15) 13... d6 14. Nxc6 Bxc6 15. Nb5 $14 {Tsesarsky}) 13. b3 d5 $132)
12... Ne4 13. Rfd1 ({Until now Black has been doing badly after} 13. Rad1 {
, but the game indicates he can by analogy play the simple} a6 $1 (13... Bc5
14. Nd2 Nxd2 15. Rxd2 Bb4 16. Rd3 e5 17. Be3 Ba6 18. Rb3 Bf8 19. Bxc6 Rxc6 20.
Nxa7 Bxc4 21. Rc3 Bb4 22. Rc2 $16 {Smyslov,V-Tal,M/Moscow/1963/}) (13... g5 $2
14. Nxg5 Nxg5 15. Bxg5 Bxg5 16. Nd6+ Ke7 17. Nxb7 f5 18. Nd6 Rb8 19. e3 Bf6 20.
Rd2 a6 21. Rfd1 Rhd8 22. f4 Na5 23. Rc2 Nc6 24. Rcd2 Na5 25. b3 Bc3 26. Rd3 Bb4
27. e4 $18 {Sosonko,G-Van der Sterren,P/NED-ch Rotterdam/1998/}) 14. Nd6+ (14.
Nc7+ Kd8 15. Nd4 Nxd4 (15... Nb8 16. Ndxe6+ fxe6 17. Nxe6+ Ke8 18. Nxg7+ $36)
16. Rxd4 Bf6 17. Bxe4 Bxd4 18. Bxb7 Rxc7 19. Bxc7+ Kxc7 $15) 14... Nxd6 15.
Bxd6 Bxd6 16. Rxd6 Ke7 17. Rfd1 {-13.Rfd1}) 13... a6 14. Nd6+ (14. Nc7+ Kd8 15.
Nd4 Nxd4 16. Rxd4 Bf6 17. Bxe4 Bxd4 18. Bxb7 Rxc7 19. Bxc7+ Kxc7 20. Bxa6 Ra8
21. Bb5 Bxb2 22. Rd1 d6 23. a4 $11) 14... Nxd6 15. Bxd6 Bxd6 16. Rxd6 Ke7 {
See the note to move 10 - compared with 10.Nb5!?, here Black doesn't have to
castle and his K can stay in the [+], where it's naturally better placed in
the arising _|_.} 17. Rad1 Rc7 {[%mdl 256] White has a (), but the position is
too simplified and with a clever defensive manoeuvre Black will gradually
expel the intrusive Rd6.} 18. b3 f6 19. Ne1 Rb8 $1 20. Nc2 Bc8 $1 21. f4 Nd8
22. e4 Nf7 23. R6d2 Bb7 $11 {/+/= White's intiative is over and he retains at
most a slight pull. Transforming it into soemthing concrete is extremely
difficult, but against tail-ender Vallejo Anand feels obliged to try...} 24. a4
a5 $5 {Black is not afraid of the weakness on b5 - he can always exchange
White's N on this square.} 25. h4 Rd8 26. Kf2 Rc5 27. Nd4 Ba8 28. Ke3 Bb7 29.
Bf3 Ba8 (29... Ba6 $5 $11) 30. f5 $6 {[%csl Re5] A very committal move,
handing the e5-square is a serious strategic concession, which can't be fully
compensated by tactical chances.} (30. g4 g5 $5 $132) (30. Nb5 $142 $5 Bc6 (
30... d6 31. Nd4 {[%csl Re6][%cal Rf4f5] ><e6,/\f5}) 31. Nd6 Nxd6 32. Rxd6 $14)
30... Re5 $1 (30... Ne5 $2 31. Nxe6 $1 $16 (31. fxe6 $16)) 31. g4 (31. Kf4 Nd6
32. Re2 Rc5 $15) 31... Nd6 $1 {Forces a favourable release of the tension.} 32.
fxe6 dxe6 33. Nb5 Nf7 34. Rxd8 Nxd8 35. Na7 (35. Nd6 $142 $5 Rc5 $11 {/=/+})
35... Bb7 36. Rb1 Kd7 37. b4 $2 {[%mdl 24576] Another violent measure, which
compromises White's P-structure and even worse, directly loses material.} (37.
Nb5 $15) 37... axb4 38. Rxb4 Ra5 $1 {[%csl Ra4,Rc4,Re4] ק} 39. Nb5 Nc6 40. Rb1
Ne5 41. Be2 Rxa4 $17 {/-+} 42. Nc3 Ra3 43. Kd2 Kc6 44. g5 (44. Nb5 $5 Ra2+ 45.
Ke3 Kc5 46. Nc7 Bc8 47. Ne8 Ba6 $1 $17) 44... Ba6 45. gxf6 gxf6 46. Rf1 Nxc4+
47. Bxc4 Bxc4 48. Rxf6 b5 $19 {[%csl Gb5,Gc4] Extra P, strong B and o^ - all
these factors speak for Black. Anand tries his last desperate chance, which
unexpectedly works.} 49. Nd5 $5 Bxd5 50. exd5+ Kxd5 51. Rf7 h5 52. Rh7 e5 {
[%csl Gb5,Ge5] Although White won back one P, his K remains cut off and all
Black's pieces are active and well coordinated. His o^ should decide.} 53. Rxh5
Kd4 {[%csl Rd2]} 54. Rh8 {Protecting the Ph4 from the side doesn't help either:
} (54. Rf5 Rh3 55. h5 Rh2+ $19) 54... Ra2+ 55. Kd1 Rh2 56. h5 b4 57. h6 Kd3 58.
Kc1 (58. Rd8+ Kc3 59. Rc8+ Kb2 60. Rc6 b3 61. Rb6 Ka2 62. Ra6+ Kb1 63. Rb6 b2
64. Re6 e4 $1 $19) 58... Kc3 59. Rc8+ Kb3 60. Rh8 (60. Rc6 e4 $19 {is similar
to the previous note, so Anand decides to keep his R behind the P. However,
this way it remains very passive.}) 60... Kc3 61. Rc8+ Kb3 62. Rh8 e4 63. Kd1
Kb2 64. Ke1 b3 65. h7 (65. Rh7 Kc2 66. Rc7+ Kd3 67. h7 b2 68. Rb7 Rxh7 69. Rxb2
Rh1+ 70. Kf2 Rh2+ $19) 65... e3 66. Kd1 Kb1 $4 {[%mdl 8192] An unbelievable
error. Against a weaker player Vallejo would surely find the rather simple} (
66... Rd2+ 67. Ke1 Rd7 68. Ke2 Re7 $1 69. Kd1 (69. Ke1 e2 $22 $19) 69... Ra7
70. Ke2 Ka2 $19 {[%cal Rb3b2] /\b2}) 67. Rb8 Rxh7 (67... Rxh7 $8 68. Rxb3+ Ka2
69. Rxe3 $11) 1/2-1/2

[Event "Amber-blindfold 14th"]
[Site "Monte Carlo"]
[Date "2005.03.19"]
[Round "1"]
[White "Anand, Viswanathan"]
[Black "Shirov, Alexei"]
[Result "1-0"]
[WhiteElo "2786"]
[BlackElo "2713"]
[Annotator "CB"]
[PlyCount "69"]
[EventDate "2005.03.19"]
[EventType "tourn (rapid)"]
[EventRounds "11"]
[EventCountry "MNC"]
[EventCategory "20"]
[SourceTitle "CBM 105 Extra"]
[Source "ChessBase"]
[SourceDate "2005.05.01"]
[SourceVersion "1"]
[SourceVersionDate "2005.05.01"]
[SourceQuality "1"]

1. e4 e5 2. Nf3 Nf6 3. Nxe5 d6 4. Nf3 Nxe4 5. d4 d5 6. Bd3 Nc6 7. O-O Be7 8. c4
Nb4 9. Be2 O-O 10. Nc3 Bf5 11. a3 Nxc3 12. bxc3 Nc6 13. Re1 Re8 14. cxd5 Qxd5
15. Bf4 Rac8 16. Bd3 Qd7 17. Rb1 Bxd3 18. Qxd3 b6 19. d5 Bf6 20. c4 h6 21. h3
Ne7 22. Ne5 Bxe5 23. Rxe5 Ng6 24. Rxe8+ Rxe8 25. Bg3 Qe7 26. Kh1 Qc5 27. Rb5
Re1+ 28. Kh2 Qe7 29. Rb1 Rxb1 30. Qxb1 Qxa3 31. Qf5 Qc5 32. Qc8+ Nf8 33. Qd8 $2
(33. Qb8 {was required, according to Ljubojevic and Fritz}) 33... Kh7 $2 (33...
Qxc4 34. Bxc7 Kh7) 34. d6 Ne6 (34... cxd6 35. Qxf8 $18) 35. dxc7 1-0

[Event "Amber-rapid 14th"]
[Site "Monte Carlo"]
[Date "2005.03.20"]
[Round "2"]
[White "Anand, Viswanathan"]
[Black "Topalov, Veselin"]
[Result "1-0"]
[WhiteElo "2786"]
[BlackElo "2757"]
[Annotator "Wedberg,T"]
[PlyCount "91"]
[EventDate "2005.03.19"]
[EventType "tourn (rapid)"]
[EventRounds "11"]
[EventCountry "MNC"]
[EventCategory "20"]
[SourceTitle "CBM 105 Extra"]
[Source "ChessBase"]
[SourceDate "2005.05.01"]
[SourceVersion "1"]
[SourceVersionDate "2005.05.01"]
[SourceQuality "1"]

1. e4 e5 2. Nf3 Nc6 3. Bb5 Nf6 4. O-O Nxe4 5. d4 Nd6 6. Bxc6 dxc6 7. dxe5 Nf5
8. Qxd8+ Kxd8 9. Nc3 h6 10. h3 Bd7 11. Bf4 Kc8 12. Rad1 b6 (12... Bb4 13. Ne4
Be6 14. g4 Bd5 15. gxf5 Bxe4 16. Nd4 $13 {1-0 Nijboer,F-Narciso Dublan,M/
Mondariz 2000/CBM 079/[Hecht] (58)}) 13. Rd3 Be6 (13... c5 14. Re1 Be6 15. Bh2
c4 16. Rd2 Bb4 17. Red1 g5 {1/2-1/2 Lekic,D-Stojanovic,D/Jahorina 2001/EXT 2002
}) 14. Rfd1 Kb7 15. b3 g5 16. Bc1 c5 17. Nd5 Ne7 18. Nxe7 Bxe7 {This looks
fine for Black. He has good control over the d-file and has completely solved
the problem with the black K.} 19. c4 Rag8 {Black could also try to open the
game on the Q-side. That is in a way a more logical plan since that is where
he has his P majority.} (19... a6 $5 {[%cal Yb6b5]}) 20. Nd2 g4 21. hxg4 Rxg4
22. Nf1 Rhg8 23. Rg3 $1 {This stops Black attempt to get at the white K.} (23.
g3 $2 h5 $40) 23... h5 24. Re1 a6 25. Rxg4 hxg4 26. Rd1 Kc6 27. Bf4 Rd8 $6 {
A mistake I believe. Black needs the R:s on the board. Without them it´s an
endgame where white has better P:s.} 28. Rxd8 Bxd8 29. Ne3 b5 30. Kf1 bxc4 31.
bxc4 Kb6 32. Ke2 Ka5 33. Kd3 c6 34. f3 gxf3 35. gxf3 Ka4 36. Bh6 Ka3 37. f4
Kxa2 38. Kc2 $1 $11 {Black K is pinned to the side of the board and the passed
a-P is blocked.} f5 39. Bf8 Bb6 40. Be7 a5 (40... Ka3 41. Bh4 Ba5 42. Be7 Bb4 {
looks like a draw.}) 41. Bh4 a4 42. Be1 Bd8 43. Nd1 Ka3 44. Nb2 Be7 45. Bc3 Bf8
$4 (45... Ka2 $11) 46. Nd3 {Mate is unstoppable.} 1-0